000 00613nam a2200229 i 4500
001 C2-0129431
003 PPAK
005 20180727121313.0
008 970929s1978 ilua|||| ||||| | eng d
020 _a0895651009
040 _aPPAK
_beng
_cPPAK
_erda
082 0 4 _a428.1
_223
090 0 0 _a428.1
_bMON
_dK
100 1 _aMoncure, Jane Belk,
_eauthor
245 1 0 _aMy qsound box
264 1 _aChicago :
_bChildren's Press ,
_c1978
300 _a28 pages :
_bcolour illustrations ;
_c18 cm
336 _2rdacontent
_atext
337 _2rdamedia
_aunmediated
338 _2rdacarrier
_avolume
942 _ddc
_cB
999 _c39477
_d39477